MARC details
| 000 -LÍDER |
| campo de controle de tamanho fixo |
01735nam a2200325 4500 |
| 001 - NÚMERO DE CONTROLE |
| campo de controle |
125 |
| 003 - IDENTIFICADOR DO NÚMERO DE CONTROLE |
| campo de controle |
OSt |
| 005 - DATA E HORÁRIO DA ÚLTIMA TRANSAÇÃO |
| campo de controle |
20250528074012.0 |
| 008 - CAMPO DE DADOS FIXOS--INFORMAÇÃO GERAL |
| campo de controle de tamanho fixo |
250128b |||||||g |||| 00| 1 eng d |
| 040 ## - FONTE DA CATALOGAÇÃO |
| Idioma da catalogação |
por |
| 041 ## - CÓDIGO DE IDIOMA |
| Código do idioma do original e/ou traduções intermediárias do texto |
eng |
| Código do idioma do texto/trilha sonora ou título diferente |
por |
| 082 ## - CDD - CLASSIFICAÇÃO DECIMAL DE DEWEY |
| Número de Classificação |
823 |
| Número do exemplar |
C555b |
| 100 1# - ENTRADA PRINCIPAL--NOME PESSOAL |
| Nome pessoal |
Christie, Agatha, |
| Datas associadas ao nome |
1890-1976 |
| 9 (RLIN) |
268 |
| 240 ## - TÍTULO UNIFORME |
| Título uniforme |
Sparkling cyanide |
| 245 ## - TÍTULO |
| Título |
Um brinde de cianureto / |
| Indicação de responsabilidade, etc. |
Christie, Agatha ; Tradução de Maria Regina Daltro Ferreira |
| 260 ## - PUBLICAÇÃO, DISTRIBUIÇÃO, ETC. |
| Local de publicação, distribuição, etc. |
Rio de Janeiro |
| Nome do editor, distribuidor, etc. |
Record |
| Data da publicação, distribuição, etc. |
1987 |
| 300 ## - DESCRIÇÃO FÍSICA |
| Extensão |
202 p. |
| 520 ## - NOTA DE RESUMO, ETC. |
| Resumo, etc. |
Num restaurante de luxo, sete pessoas à volta de uma mesa comemoram o aniversário da deslumbrante Rosemary Barton. As luzes suaves, as flores, a orquestra, nada fazia prever o seu trágico desfecho: em plena festa, Rosemary cai fulminada entre os convidados... Diagnóstico: morte por envenenamento, Todos os fatos eram compatíveis com suicídio.<br/>Duas cartas anônimas, no entanto, revelam, quase um ano depois, que Rosemary fora vítima de um assassinato.<br/>Tem início então, numa hábil trama novelesca, um estranho jogo de hipóteses que mantém o leitor em suspense. A quem interessaria o crime? Afinal, cada um dos convidados tem sua razão - ou motivo oculto - para matar Rosemary...<br/>Como só Agatha Christie sabe fazer, o leitor é conduzido página a página com extrema engenhosidade, até o desconcertante e sensacional desfecho. |
| 650 #0 - ASSUNTO--TERMO TÓPICO |
| Cabeçalho tópico ou nome geográfico |
Literatura Inglesa |
| 9 (RLIN) |
89 |
| 650 #0 - ASSUNTO--TERMO TÓPICO |
| Cabeçalho tópico ou nome geográfico |
Romance Policial |
| 9 (RLIN) |
11 |
| 650 #0 - ASSUNTO--TERMO TÓPICO |
| Cabeçalho tópico ou nome geográfico |
Suspense |
| 9 (RLIN) |
10 |
| 650 #0 - ASSUNTO--TERMO TÓPICO |
| Cabeçalho tópico ou nome geográfico |
Mistério |
| 9 (RLIN) |
42 |
| 650 #0 - ASSUNTO--TERMO TÓPICO |
| Cabeçalho tópico ou nome geográfico |
Crime e Investigação |
| 9 (RLIN) |
13 |
| 650 #0 - ASSUNTO--TERMO TÓPICO |
| Cabeçalho tópico ou nome geográfico |
Clássicos |
| 9 (RLIN) |
77 |
| 650 #0 - ASSUNTO--TERMO TÓPICO |
| Cabeçalho tópico ou nome geográfico |
Filme |
| 9 (RLIN) |
26 |
| 655 #0 - TERMO DE ÍNDICE--GÊNERO E FORMA |
| Gênero/forma/ou termo foco |
Romance |
| 655 #0 - TERMO DE ÍNDICE--GÊNERO E FORMA |
| Gênero/forma/ou termo foco |
Ficção |
| 700 ## - ENTRADA ADICIONADA - NOME PESSOAL |
| Nome pessoal |
Maria Regina Daltro Ferreira |
| Função do autor por extenso |
Tradutor |
| 9 (RLIN) |
274 |
| 942 ## - ELEMENTOS DE ENTRADA ADICIONADOS (KOHA) |
| Fonte de classificação ou esquema de arquivamento |
Classificação decimal de Dewey |
| Ocultar no OPAC |
Não |
| Tipo de material Koha |
Livros |